[Event "SC Klein-Berlin Rheine 1 - SF Olfen 1"]
[Site "Regionalliga 2016/2017"]
[Date "2016.09.17"]
[Round "1.1"]
[White "Koke, Christoph"]
[Black "Ottens, Stephan"]
[Result "1-0"]
[WhiteElo "2073"]
[BlackElo "2120"]
[PlyCount "99"]
[EventDate "2016.??.??"]
[SourceDate "2016.10.07"]

1. d4 Nf6 2. c4 g6 3. g3 Bg7 4. Bg2 O-O 5. Nc3 d6 6. Nf3 Nc6 7. O-O e5 8. d5
Ne7 9. Ne1 Nh5 10. e4 a6 11. Nd3 Qe8 12. Bf3 Bh3 13. Re1 f5 14. Bd2 Qf7 15. Bg2
Bxg2 16. Kxg2 f4 17. f3 fxg3 18. hxg3 Kh8 19. Qe2 Ng8 20. Rh1 Bh6 21. Bxh6 Nxh6
22. Rh3 Ng8 23. Rah1 Qf6 24. Qe3 Rf7 25. Ne2 h6 26. g4 Nf4+ 27. Ndxf4 exf4 28.
Qd4 Qe5 29. Qxe5+ dxe5 30. Nc1 Kg7 31. Nd3 Kf6 32. Rc1 b6 33. Rhh1 Rh7 34. c5
Rb8 35. g5+ Kxg5 36. Nxe5 bxc5 37. b3 Rb5 38. Kf2 Kf6 39. Nd3 g5 40. Nxc5 Rb6
41. Rhe1 Ke5 42. Nd3+ Kd6 43. Rc5 Ne7 44. e5+ Kd7 45. Rec1 c6 46. d6 Nf5 47.
R5c4 Ng7 48. Nc5+ Ke8 49. e6 Nf5 50. Ne4 1-0

[Event "SC Klein-Berlin Rheine 1 - SF Olfen 1"]
[Site "Regionalliga 2016/2017"]
[Date "2016.09.17"]
[Round "1.2"]
[White "Brümmer, Frank"]
[Black "Bösel, Alexander"]
[Result "0-1"]
[WhiteElo "2166"]
[BlackElo "1898"]
[PlyCount "82"]
[EventDate "2016.??.??"]
[SourceDate "2016.10.07"]

1. d4 Nf6 2. Nf3 g6 3. Bf4 Bg7 4. e3 O-O 5. h3 d6 6. Be2 b6 7. O-O Bb7 8. c4 c5
9. Nc3 Ne4 10. Qc2 Nxc3 11. bxc3 Nc6 12. Rfd1 Qc7 13. Bg3 e5 14. h4 Qe7 15.
Rab1 Rae8 16. d5 Na5 17. e4 Bc8 18. Nd2 f5 19. f3 Bf6 20. h5 f4 21. Bf2 gxh5
22. Bd3 Kh8 23. Nb3 Nb7 24. Kh2 Rg8 25. Rh1 Rg6 26. Bf1 Reg8 27. Be1 h4 28. Rb2
h3 29. gxh3 Bh4 30. Qd1 Bg3+ 31. Bxg3 Rxg3 32. Rg2 Qh4 33. Kg1 Bxh3 34. Rhh2
Qg5 35. Qe2 Bxg2 36. Bxg2 h5 37. Kh1 h4 38. Qf2 Qh5 39. Nd2 h3 40. Bf1 R8g7 41.
Be2 Qg5 0-1

[Event "SC Klein-Berlin Rheine 1 - SF Olfen 1"]
[Site "Regionalliga 2016/2017"]
[Date "2016.09.17"]
[Round "1.3"]
[White "Engelkamp, Stephan"]
[Black "Henneberger, Sven"]
[Result "1/2-1/2"]
[WhiteElo "1916"]
[BlackElo "2092"]
[PlyCount "88"]
[EventDate "2016.??.??"]
[SourceDate "2016.10.07"]

1. c4 Nf6 2. Nc3 c5 3. g3 d5 4. cxd5 Nxd5 5. Bg2 Nc7 6. Nf3 Nc6 7. d3 e5 8. O-O
Be7 9. Be3 O-O 10. Qc1 f6 11. a3 Bd7 12. Ne4 b6 13. Rb1 Rc8 14. b4 cxb4 15.
axb4 Nd5 16. Bd2 Ncxb4 17. Qb2 Be6 18. Rfc1 Qd7 19. h4 Rxc1+ 20. Rxc1 Rc8 21.
Rd1 Bf5 22. Nc3 Nxc3 23. Bxc3 Nd5 24. Be1 Be6 25. e4 Nc7 26. d4 exd4 27. Nxd4
Bc5 28. Bc3 Bf7 29. Ra1 a5 30. Nf5 Qb5 31. Bxf6 gxf6 32. Qxf6 Bf8 33. Qg5+ Kh8
34. Qf6+ Kg8 35. Qg5+ Bg6 36. h5 Qb2 37. Rd1 Ne6 38. Qg4 Rc1 39. hxg6 Rxd1+ 40.
Qxd1 hxg6 41. Qg4 Qc1+ 42. Bf1 Kf7 43. Nd4 Nxd4 44. Qd7+ Kg8 1/2-1/2

[Event "SC Klein-Berlin Rheine 1 - SF Olfen 1"]
[Site "Regionalliga 2016/2017"]
[Date "2016.09.17"]
[Round "1.5"]
[White "Pinno, Gregor"]
[Black "Kornick, Ulrich"]
[Result "0-1"]
[WhiteElo "1784"]
[BlackElo "1913"]
[PlyCount "98"]
[EventDate "2016.??.??"]
[SourceDate "2016.10.07"]

1. Nf3 d5 2. g3 c5 3. Bg2 Nc6 4. d4 Bf5 5. O-O e6 6. c4 Qd7 7. Nc3 Nf6 8. Ne5
Nxe5 9. dxe5 d4 10. exf6 dxc3 11. Qxd7+ Kxd7 12. bxc3 gxf6 13. Bxb7 Rb8 14.
Rd1+ Kc7 15. Bf3 Bd6 16. Ba3 Rb6 17. Rd2 Ra6 18. Rad1 Rb8 19. h4 Rb1 20. Rxb1
Bxb1 21. Rb2 Rb6 22. Rd2 h6 23. Kf1 Bg6 24. h5 Bh7 25. Kg2 Bf5 26. Kh2 Ra6 27.
Bc1 Bf8 28. Rb2 Rb6 29. Kg2 Rxb2 30. Bxb2 Bb1 31. a3 Ba2 32. Be4 Bxc4 33. Kf3
f5 34. Bc2 Kb6 35. Bc1 Kb5 36. Ke3 Be7 37. Kf3 Bd5+ 38. e4 fxe4+ 39. Bxe4 Bf8
40. Bxd5 exd5 41. Ke2 Kc4 42. Kd2 Kb3 43. g4 Bg7 44. f4 Bxc3+ 45. Kd1 Bg7 46.
g5 hxg5 47. fxg5 c4 48. h6 Be5 49. h7 c3 0-1

[Event "SC Klein-Berlin Rheine 1 - SF Olfen 1"]
[Site "Regionalliga 2016/2017"]
[Date "2016.09.17"]
[Round "1.6"]
[White "Averkamp-Peters, Jens"]
[Black "Steffens, Gerd"]
[Result "1-0"]
[WhiteElo "1908"]
[BlackElo "1800"]
[PlyCount "59"]
[EventDate "2016.??.??"]
[SourceDate "2016.10.07"]

1. e4 e6 2. d4 b6 3. c4 Bb7 4. Nc3 Bb4 5. Qc2 Qh4 6. Bd3 f5 7. g3 Qe7 8. f3
fxe4 9. fxe4 Bxc3+ 10. bxc3 d6 11. Nf3 e5 12. O-O Nf6 13. Nh4 Nc6 14. Nf5 Qd7
15. d5 Na5 16. Bg5 Rf8 17. Rab1 O-O-O 18. Bd2 g6 19. Ne3 Ng4 20. Nxg4 Qxg4 21.
c5 dxc5 22. c4 Rxf1+ 23. Rxf1 Qd7 24. Bxa5 bxa5 25. Qc3 Qe7 26. Rb1 c6 27. Bf1
cxd5 28. cxd5 Rf8 29. Qxa5 Rf6 30. Qxa7 1-0

[Event "SC Klein-Berlin Rheine 1 - SF Olfen 1"]
[Site "Regionalliga 2016/2017"]
[Date "2016.09.17"]
[Round "1.7"]
[White "Limberg, Johannes"]
[Black "Hemmert, Michael"]
[Result "1/2-1/2"]
[WhiteElo "1599"]
[BlackElo "1828"]
[PlyCount "55"]
[EventDate "2016.??.??"]
[SourceDate "2016.10.07"]

1. e4 g6 2. Nf3 Bg7 3. d4 d6 4. c4 c5 5. Nc3 cxd4 6. Nxd4 Nc6 7. Be3 Nf6 8. Rc1
O-O 9. Be2 Qa5 10. O-O h5 11. Nb3 Qd8 12. Qd2 Ng4 13. Bxg4 Bxg4 14. Bh6 b6 15.
h3 Bd7 16. Nd5 Rc8 17. Bxg7 Kxg7 18. Nf4 Ne5 19. Qd4 f6 20. Nd2 Qe8 21. b3 g5
22. Nd5 Rg8 23. Rc3 h4 24. f4 Nc6 25. Qf2 Be6 26. fxg5 fxg5 27. Qe3 Qg6 28. Nf3
1/2-1/2

[Event "SG Turm Raesfeld/Erle 1 - SC Steinfurt"]
[Site "Regionalliga 2016/2017"]
[Date "2016.09.17"]
[Round "1.1"]
[White "Haselhorst, Helmut"]
[Black "Wilger, Frank"]
[Result "1-0"]
[WhiteElo "2013"]
[BlackElo "2063"]
[PlyCount "69"]
[EventDate "2016.??.??"]
[SourceDate "2016.10.07"]

1. e4 c5 2. Nc3 a6 3. g3 g6 4. Bg2 Bg7 5. d3 Nc6 6. f4 e6 7. Nf3 Nge7 8. O-O
O-O 9. Be3 Nd4 10. Qd2 d5 11. Nh4 f5 12. Rae1 Ra7 13. Nd1 dxe4 14. dxe4 b6 15.
c3 Ndc6 16. Qxd8 Rxd8 17. b4 Rad7 18. bxc5 b5 19. Bc1 Na5 20. Nf3 Rd3 21. Ne5
Bxe5 22. fxe5 Nc4 23. Bg5 Kf7 24. exf5 gxf5 25. Nf2 Rxc3 26. Ne4 Rc2 27. Nd6+
Kf8 28. g4 Rxa2 29. gxf5 exf5 30. Bh3 Ra3 31. Bxf5 Nxf5 32. Bxd8 Ncxd6 33. exd6
Kg7 34. Bc7 Rc3 35. d7 1-0

[Event "SG Turm Raesfeld/Erle 1 - SC Steinfurt"]
[Site "Regionalliga 2016/2017"]
[Date "2016.09.17"]
[Round "1.2"]
[White "Greifenberg, Daniel"]
[Black "Engels, Natia"]
[Result "1-0"]
[WhiteElo "2019"]
[BlackElo "2042"]
[PlyCount "121"]
[EventDate "2016.??.??"]
[SourceDate "2016.10.07"]

1. d4 c5 2. d5 g6 3. e4 d6 4. Ne2 Bg7 5. Nec3 Nf6 6. Bb5+ Nbd7 7. a4 O-O 8. Bg5
a6 9. Be2 Qa5 10. Nd2 h6 11. Nc4 Qc7 12. Bf4 Rb8 13. Qc1 h5 14. f3 Re8 15. O-O
b5 16. axb5 axb5 17. Na3 b4 18. Nab5 Qd8 19. Nd1 Bb7 20. Kh1 Nb6 21. c3 bxc3
22. bxc3 Qd7 23. Na3 Rec8 24. Rb1 Qd8 25. Ne3 Nfd7 26. g4 hxg4 27. Nxg4 Ne5 28.
Bxe5 dxe5 29. Qg5 Na4 30. Qe3 Qa5 31. c4 Qc3 32. Nb5 Qxe3 33. Nxe3 Ba6 34. Rfc1
Bh6 35. Rb3 Bf4 36. Ra1 Bxb5 37. cxb5 Nb6 38. Nc4 Nxc4 39. Bxc4 Kg7 40. Kg2 Rh8
41. h3 Rh5 42. b6 Bd2 43. d6 e6 44. Ra7 Kf6 45. Rb5 Be3 46. b7 Rhh8 47. Rb6
Rhd8 48. Rc6 Bd4 49. Rca6 Rd7 50. Rb6 Rdd8 51. Rc6 Be3 52. Ra3 Bd2 53. Rc7 Bb4
54. Ra7 Kg5 55. d7 Kf4 56. Bb5 c4 57. Rxc4 Be7 58. Rc8 f5 59. exf5 gxf5 60.
Rxd8 Bxd8 61. Bc6 1-0

[Event "SG Turm Raesfeld/Erle 1 - SC Steinfurt"]
[Site "Regionalliga 2016/2017"]
[Date "2016.09.17"]
[Round "1.3"]
[White "Grälken, Matthias"]
[Black "Gesing, Felix"]
[Result "1/2-1/2"]
[WhiteElo "2021"]
[BlackElo "1960"]
[PlyCount "120"]
[EventDate "2016.??.??"]
[SourceDate "2016.10.07"]

1. d4 Nf6 2. Bg5 c5 3. d5 Qb6 4. Nc3 d6 5. e4 a6 6. a4 Nbd7 7. a5 Qc7 8. Nf3 g6
9. Be2 Bg7 10. O-O O-O 11. Nd2 b5 12. axb6 Nxb6 13. Na4 Nxa4 14. Rxa4 Bd7 15.
Rxa6 Rxa6 16. Bxa6 Qb6 17. Bd3 Qxb2 18. Nc4 Qb7 19. Qd2 Ra8 20. h3 Ra4 21. Qe2
h6 22. Bh4 Qb4 23. f3 Nh5 24. Be1 Qb8 25. f4 Bd4+ 26. Kh2 Ra1 27. g4 Nf6 28. c3
Qb3 29. cxd4 cxd4 30. Bd2 Rxf1 31. Qxf1 Bb5 32. Be2 Nxe4 33. Be1 Qc2 34. Kg1
Nc5 35. Na3 Qxe2 36. Nxb5 Qe4 37. Bf2 Qxd5 38. Nxd4 Qe4 39. Ne2 Nd3 40. Bg3
Qe3+ 41. Kg2 Qd2 42. Kh1 Qe3 43. f5 gxf5 44. gxf5 Kh7 45. Qg2 Nc5 46. Bf4 Qe4
47. Qxe4 Nxe4 48. Ng3 Nf6 49. Kg2 Ne8 50. Kf3 e6 51. Bd2 exf5 52. Nxf5 h5 53.
Bc3 Kg6 54. Ke4 Nc7 55. Ne7+ Kh6 56. Kf5 Ne6 57. Kf6 h4 58. Bd2+ Kh5 59. Nf5 d5
60. Kxf7 Ng5+ 1/2-1/2

[Event "SG Turm Raesfeld/Erle 1 - SC Steinfurt"]
[Site "Regionalliga 2016/2017"]
[Date "2016.09.17"]
[Round "1.4"]
[White "Pollok, Ralf"]
[Black "Wild, Helmut"]
[Result "1-0"]
[WhiteElo "1956"]
[BlackElo "1922"]
[PlyCount "55"]
[EventDate "2016.??.??"]
[SourceDate "2016.10.07"]

1. d4 d5 2. c4 c6 3. Nf3 e6 4. Nc3 dxc4 5. a4 Bb4 6. e4 b5 7. Bd2 Bb7 8. b3
Bxc3 9. Bxc3 a5 10. bxc4 b4 11. Bb2 Nf6 12. Bd3 O-O 13. O-O c5 14. d5 exd5 15.
exd5 Nbd7 16. Qe2 g6 17. Rae1 Re8 18. Qd2 Qc7 19. Qh6 Qd6 20. h4 Rxe1 21. Rxe1
Re8 22. Rxe8+ Nxe8 23. h5 Nf8 24. hxg6 fxg6 25. Ne5 Ba8 26. Ng4 Bb7 27. Qe3 Ng7
28. Nh6+ 1-0

[Event "SG Turm Raesfeld/Erle 1 - SC Steinfurt"]
[Site "Regionalliga 2016/2017"]
[Date "2016.09.17"]
[Round "1.5"]
[White "Arning, Marcus"]
[Black "Borutta, Niklas"]
[Result "0-1"]
[WhiteElo "1839"]
[BlackElo "2047"]
[PlyCount "130"]
[EventDate "2016.??.??"]
[SourceDate "2016.10.07"]

1. g3 Nf6 2. Bg2 d5 3. d3 g6 4. Nf3 Bg7 5. O-O O-O 6. Nc3 b6 7. Rb1 Bb7 8. Nd2
Nbd7 9. e4 dxe4 10. Ncxe4 Qc8 11. Re1 Nxe4 12. Nxe4 Nf6 13. Bg5 Nxe4 14. Bxe4
Bxe4 15. Rxe4 e6 16. Qd2 Re8 17. Qe1 Qd7 18. b3 Qd5 19. Bd2 c5 20. Bc3 Bd4 21.
Rc1 Red8 22. a4 a5 23. Qd2 h5 24. Rce1 Ra7 25. h4 Rc7 26. Kh2 Rd6 27. Rg1 Rcd7
28. Rge1 Rc7 29. Rg1 Qf5 30. Rf4 Qe5 31. Bxd4 cxd4 32. Re4 Qc5 33. Rc1 Rd5 34.
Kg2 Qc6 35. Kg1 Kg7 36. Qf4 Rf5 37. Qd2 Qd6 38. Rce1 Rfc5 39. Rc1 Rc3 40. Kh2
Qc5 41. Qf4 Rd7 42. Re2 Qc7 43. Qd2 Rd5 44. Re4 e5 45. f4 Rdc5 46. Re2 exf4 47.
Qxf4 Qxf4 48. gxf4 Rxb3 49. cxb3 Rxc1 50. Re4 Rb1 51. Rxd4 Rxb3 52. Rd6 Kf8 53.
f5 gxf5 54. Rd5 Rb4 55. Rd6 Rxh4+ 56. Kg3 Rb4 57. d4 Ke7 58. Rc6 f6 59. d5 f4+
60. Kf3 f5 61. Re6+ Kd7 62. Rh6 h4 63. Rxh4 Kd6 64. Rh5 Kxd5 65. Rxf5+ Kc4 0-1

[Event "SG Turm Raesfeld/Erle 1 - SC Steinfurt"]
[Site "Regionalliga 2016/2017"]
[Date "2016.09.17"]
[Round "1.6"]
[White "Pliete, Christian"]
[Black "Raue, Thorsten"]
[Result "1-0"]
[WhiteElo "1847"]
[BlackElo "1797"]
[PlyCount "67"]
[EventDate "2016.??.??"]
[SourceDate "2016.10.07"]

1. e4 Nc6 2. Nf3 f5 3. e5 d6 4. exd6 cxd6 5. d4 Nf6 6. Bc4 d5 7. Bb3 e6 8. Bf4
Bd6 9. Bxd6 Qxd6 10. O-O O-O 11. Re1 Bd7 12. c3 h6 13. Nbd2 Ne4 14. c4 Kh8 15.
Ba4 Nxd2 16. Qxd2 dxc4 17. Bxc6 Bxc6 18. Ne5 Rf6 19. Nxc4 Qd5 20. Ne3 Qd7 21.
f3 b5 22. Nc2 Rg6 23. Qf4 a5 24. Re2 Rc8 25. Ne1 Qd5 26. Rc2 Rf6 27. Rc5 Qd7
28. Rac1 Rff8 29. Nd3 Bb7 30. Ne5 Qe8 31. Rxc8 Bxc8 32. Rc7 g5 33. Qc1 Rg8 34.
Nf7+ 1-0

[Event "SG Turm Raesfeld/Erle 1 - SC Steinfurt"]
[Site "Regionalliga 2016/2017"]
[Date "2016.09.17"]
[Round "1.7"]
[White "Freitag, Michael"]
[Black "Bergemann, Martin"]
[Result "1/2-1/2"]
[WhiteElo "1721"]
[BlackElo "1900"]
[PlyCount "64"]
[EventDate "2016.??.??"]
[SourceDate "2016.10.07"]

1. d4 Nf6 2. Bf4 d6 3. Nf3 Bg4 4. Nbd2 Nbd7 5. h3 Bh5 6. e3 c6 7. Be2 h6 8. c3
g5 9. Bg3 Bg7 10. Qb3 O-O 11. O-O Qb6 12. Qc2 Rfe8 13. Rfe1 c5 14. Bd3 Rac8 15.
Qb1 Nf8 16. a4 Bg6 17. e4 Nh5 18. Bh2 cxd4 19. a5 Qd8 20. cxd4 Nf4 21. Bb5 Nd7
22. Bxf4 gxf4 23. Qa2 a6 24. Ba4 Rf8 25. Bb3 e5 26. dxe5 dxe5 27. Bd5 Qc7 28.
b4 Nf6 29. Bb3 Qe7 30. Qb2 Rfe8 31. Rad1 Kh7 32. Nh4 Rcd8 1/2-1/2

[Event "SG Turm Raesfeld/Erle 1 - SC Steinfurt"]
[Site "Regionalliga 2016/2017"]
[Date "2016.09.17"]
[Round "1.8"]
[White "Kadenbach, Wolfgang"]
[Black "Meinert, Dominik"]
[Result "1/2-1/2"]
[WhiteElo "1746"]
[BlackElo "1591"]
[PlyCount "50"]
[EventDate "2016.??.??"]
[SourceDate "2016.10.07"]

1. d4 d5 2. c4 e6 3. Nf3 Nf6 4. Nc3 Be7 5. Bg5 h6 6. Bh4 O-O 7. e3 b6 8. Bxf6
Bxf6 9. cxd5 exd5 10. Rc1 Bb7 11. Bd3 Re8 12. O-O a6 13. Bb1 Qd6 14. Qb3 Nd7
15. Na4 Rab8 16. Qc2 Rec8 17. a3 c5 18. Qh7+ Kf8 19. Rfe1 Ke7 20. e4 dxe4 21.
Bxe4 Bxe4 22. Qxe4+ Kf8 23. Qh7 g6 24. dxc5 Nxc5 25. Nxc5 Rxc5 1/2-1/2

[Event "SC Gronau 1 - Schach Nienberge 1"]
[Site "Regionalliga 2016/2017"]
[Date "2016.09.17"]
[Round "1.1"]
[White "Remmeke, Hans"]
[Black "Monsma, Menno"]
[Result "1/2-1/2"]
[WhiteElo "2134"]
[BlackElo "2033"]
[PlyCount "21"]
[EventDate "2016.??.??"]
[SourceDate "2016.10.07"]

1. d4 Nf6 2. c4 e6 3. g3 d5 4. Bg2 Be7 5. Nf3 O-O 6. O-O dxc4 7. Ne5 Nc6 8.
Bxc6 bxc6 9. Nxc6 Qe8 10. Qa4 Bb4 11. Qxb4 1/2-1/2

[Event "SC Gronau 1 - Schach Nienberge 1"]
[Site "Regionalliga 2016/2017"]
[Date "2016.09.17"]
[Round "1.2"]
[White "Lütkehermölle, Martin"]
[Black "Ringwelski, Marius"]
[Result "0-1"]
[WhiteElo "1973"]
[BlackElo "2051"]
[PlyCount "30"]
[EventDate "2016.??.??"]
[SourceDate "2016.10.07"]

1. e4 c5 2. Nf3 Nc6 3. d4 cxd4 4. Nxd4 g6 5. Nc3 Bg7 6. Be3 Nf6 7. Be2 O-O 8.
Qd2 d5 9. exd5 Nb4 10. Bh6 Bxh6 11. Qxh6 e5 12. O-O-O exd4 13. Rxd4 Qe7 14. d6
Nxa2+ 15. Kd2 Qe5 0-1

[Event "SC Gronau 1 - Schach Nienberge 1"]
[Site "Regionalliga 2016/2017"]
[Date "2016.09.17"]
[Round "1.3"]
[White "Kemper, Georg"]
[Black "Langendijk, Andre"]
[Result "1/2-1/2"]
[WhiteElo "1919"]
[BlackElo "1939"]
[PlyCount "30"]
[EventDate "2016.??.??"]
[SourceDate "2016.10.07"]

1. d4 Nf6 2. c4 e6 3. g3 c5 4. Nf3 cxd4 5. Nxd4 d5 6. Bg2 e5 7. Nf3 d4 8. e3
Bb4+ 9. Bd2 Bxd2+ 10. Qxd2 Nc6 11. exd4 exd4 12. O-O O-O 13. Rd1 Re8 14. Na3
Ne4 15. Qd3 Nc5 1/2-1/2

[Event "SC Gronau 1 - Schach Nienberge 1"]
[Site "Regionalliga 2016/2017"]
[Date "2016.09.17"]
[Round "1.4"]
[White "Storck, Martin"]
[Black "Gottkehaskamp, Philipp"]
[Result "0-1"]
[WhiteElo "1931"]
[BlackElo "2015"]
[PlyCount "54"]
[EventDate "2016.??.??"]
[SourceDate "2016.10.07"]

1. c4 Nf6 2. Nc3 g6 3. d4 Bg7 4. e4 O-O 5. f4 d6 6. Nf3 Na6 7. Be2 e5 8. fxe5
dxe5 9. d5 Nc5 10. Qc2 Nfxe4 11. Nxe4 Bf5 12. Bd3 Bxe4 13. Bxe4 f5 14. Bxf5
Rxf5 15. Be3 e4 16. Bxc5 exf3 17. O-O-O c6 18. Kb1 cxd5 19. g4 Re5 20. Qd3 Re2
21. Ba3 Qf6 22. Qxd5+ Kh8 23. Rd2 Rae8 24. Rxe2 Rxe2 25. Qxb7 h6 26. Rf1 f2 27.
Qb4 a5 0-1

[Event "SC Gronau 1 - Schach Nienberge 1"]
[Site "Regionalliga 2016/2017"]
[Date "2016.09.17"]
[Round "1.5"]
[White "Gottkehaskamp, Stefan"]
[Black "Reinhold, Klaus"]
[Result "1/2-1/2"]
[WhiteElo "1974"]
[BlackElo "1898"]
[PlyCount "43"]
[EventDate "2016.??.??"]
[SourceDate "2016.10.07"]

1. d4 d5 2. Bf4 Nf6 3. e3 Bf5 4. c4 c6 5. Nc3 e6 6. Qb3 Qb6 7. c5 Qxb3 8. axb3
Nbd7 9. f3 Nh5 10. Bc7 Bc2 11. b4 Rc8 12. Be5 a6 13. Kd2 Bg6 14. Nge2 f6 15.
Bg3 Nxg3 16. hxg3 e5 17. Nc1 Be7 18. Nb3 Bd8 19. Bd3 Bxd3 20. Kxd3 Bc7 21. Ne2
O-O 22. Na5 1/2-1/2

[Event "SC Gronau 1 - Schach Nienberge 1"]
[Site "Regionalliga 2016/2017"]
[Date "2016.09.17"]
[Round "1.6"]
[White "Hoge, Torsten"]
[Black "Althoff, Franz"]
[Result "1-0"]
[WhiteElo "1899"]
[BlackElo "2009"]
[PlyCount "47"]
[EventDate "2016.??.??"]
[SourceDate "2016.10.07"]

1. e4 c5 2. Nf3 d6 3. d4 cxd4 4. Nxd4 Nf6 5. Nc3 a6 6. f4 e5 7. Nf3 Qa5 8. Bd3
exf4 9. O-O Be7 10. Qe1 g5 11. Kh1 Bg4 12. b4 Qxb4 13. Nxg5 Nbd7 14. Bxf4 h6
15. Nf3 Rc8 16. Bd2 Qc5 17. a4 Be6 18. Rb1 Rc7 19. Ne2 Ne5 20. Nxe5 dxe5 21.
Bb4 Qe3 22. Bxe7 Kxe7 23. Rf3 Qc5 24. Qh4 1-0

[Event "SC Gronau 1 - Schach Nienberge 1"]
[Site "Regionalliga 2016/2017"]
[Date "2016.09.17"]
[Round "1.7"]
[White "Keller, Dirk"]
[Black "Reckzügel, Philipp"]
[Result "1/2-1/2"]
[WhiteElo "1893"]
[BlackElo "1900"]
[PlyCount "27"]
[EventDate "2016.??.??"]
[SourceDate "2016.10.07"]

1. d4 Nf6 2. Nf3 d5 3. c4 e6 4. e3 c6 5. b3 Nbd7 6. Bb2 b6 7. Bd3 Bb7 8. O-O
Bd6 9. Nbd2 O-O 10. Ne5 Rc8 11. f4 c5 12. Qe2 Qe7 13. cxd5 exd5 14. Ndf3
1/2-1/2

[Event "SC Gronau 1 - Schach Nienberge 1"]
[Site "Regionalliga 2016/2017"]
[Date "2016.09.17"]
[Round "1.8"]
[White "Klönne, Tim"]
[Black "Schäfer, Günter"]
[Result "1/2-1/2"]
[WhiteElo "1770"]
[BlackElo "1883"]
[PlyCount "42"]
[EventDate "2016.??.??"]
[SourceDate "2016.10.07"]

1. d4 d6 2. c4 e5 3. dxe5 dxe5 4. Qxd8+ Kxd8 5. Nc3 Bb4 6. Bd2 Be6 7. O-O-O Nd7
8. e4 c6 9. Na4 Bxd2+ 10. Rxd2 Ke7 11. b3 Ngf6 12. f3 Rhc8 13. Kb1 Rab8 14. Ne2
b5 15. cxb5 cxb5 16. Nac3 Nc5 17. Kb2 Rd8 18. Rxd8 Kxd8 19. Nc1 b4 20. Nd1 a5
21. Ne3 a4 1/2-1/2

[Event "SK Dülmen 1 - SK Bocholt 1"]
[Site "Regionalliga 2016/2017"]
[Date "2016.09.17"]
[Round "1.1"]
[White "Fuest, Martin"]
[Black "Grund, Wolfgang"]
[Result "1/2-1/2"]
[WhiteElo "2156"]
[BlackElo "1898"]
[PlyCount "53"]
[EventDate "2016.??.??"]
[SourceDate "2016.10.07"]

1. d4 d5 2. c4 e6 3. Nc3 Nf6 4. Nf3 Bb4 5. Qa4+ Nc6 6. Ne5 Bd7 7. Nxc6 Bxc3+ 8.
bxc3 Bxc6 9. Qb3 O-O 10. Bf4 Ne4 11. f3 Nd6 12. c5 Nf5 13. g4 Ne7 14. h4 b6 15.
cxb6 axb6 16. h5 Ba4 17. Qb2 c5 18. e3 c4 19. g5 Nc6 20. Bh3 b5 21. Kf2 Qe7 22.
Bg3 b4 23. Rhb1 bxc3 24. Qxc3 Qxg5 25. Rh1 Qe7 26. Rab1 Ra7 27. Bg2 1/2-1/2

[Event "SK Dülmen 1 - SK Bocholt 1"]
[Site "Regionalliga 2016/2017"]
[Date "2016.09.17"]
[Round "1.2"]
[White "Wewers, Reinhard"]
[Black "Steiner, Karl"]
[Result "1/2-1/2"]
[WhiteElo "2017"]
[BlackElo "1920"]
[PlyCount "59"]
[EventDate "2016.??.??"]
[SourceDate "2016.10.07"]

1. Nf3 d5 2. c4 c6 3. g3 Nf6 4. Bg2 Bf5 5. O-O e6 6. cxd5 exd5 7. d3 Bd6 8. Qb3
Qb6 9. Qc2 O-O 10. Be3 Qc7 11. Nc3 Nbd7 12. Rac1 Rac8 13. Qb3 Qb8 14. Rfe1 h6
15. Bd4 Rfe8 16. a4 Be6 17. Bxf6 Nxf6 18. Nd4 Bd7 19. Rcd1 a5 20. e4 Bg4 21.
Nf3 dxe4 22. dxe4 Bb4 23. h3 Bh5 24. g4 Bg6 25. Nh4 Bh7 26. Nf5 Bxf5 27. gxf5
Qf4 28. Qc2 Rcd8 29. Rd3 Rxd3 30. Qxd3 1/2-1/2

[Event "SK Dülmen 1 - SK Bocholt 1"]
[Site "Regionalliga 2016/2017"]
[Date "2016.09.17"]
[Round "1.3"]
[White "Hunhoff, Sebastian"]
[Black "Rebber, Christian"]
[Result "1/2-1/2"]
[WhiteElo "1912"]
[BlackElo "1891"]
[PlyCount "63"]
[EventDate "2016.??.??"]
[SourceDate "2016.10.07"]

1. c4 c5 2. Nc3 Nf6 3. e4 e6 4. e5 Ng8 5. Nf3 d6 6. d4 cxd4 7. Qxd4 Nc6 8. Qe4
dxe5 9. Nxe5 Nf6 10. Nxc6 Qb6 11. Qf3 Qxc6 12. Qxc6+ bxc6 13. Be2 Be7 14. Bf3
Bd7 15. O-O O-O 16. Rd1 Rfd8 17. Bf4 Be8 18. Be5 Rac8 19. Ne4 Nxe4 20. Bxe4 f6
21. Bc3 c5 22. Ba5 Rd4 23. Rxd4 cxd4 24. b3 g6 25. Rd1 f5 26. Bf3 e5 27. Bd5+
Bf7 28. Bxf7+ Kxf7 29. Kf1 Bf6 30. Ke2 e4 31. Bd2 Be5 32. g3 1/2-1/2

[Event "SK Dülmen 1 - SK Bocholt 1"]
[Site "Regionalliga 2016/2017"]
[Date "2016.09.17"]
[Round "1.4"]
[White "Schlütermann, Philipp"]
[Black "Gajic, Goran"]
[Result "0-1"]
[WhiteElo "1835"]
[BlackElo "1953"]
[PlyCount "58"]
[EventDate "2016.??.??"]
[SourceDate "2016.10.07"]

1. d4 Nf6 2. c4 e6 3. Nc3 b6 4. Bf4 Bb4 5. Qc2 Bb7 6. f3 Nh5 7. Bg3 Nxg3 8.
hxg3 Qg5 9. Rxh7 Qxg3+ 10. Kd2 Rxh7 11. Qxh7 Nc6 12. e3 Bxc3+ 13. bxc3 O-O-O
14. Ne2 Qg5 15. f4 Qg4 16. g3 Na5 17. c5 Nc4+ 18. Kd3 Ba6 19. Qh1 d5 20. cxd6
Nxd6+ 21. Kd2 Nc4+ 22. Kd3 Nd6+ 23. Kd2 Nc4+ 24. Kd3 Qf5+ 25. e4 Qb5 26. Rc1
Qb2 27. Rd1 Qxa2 28. e5 Nxe5+ 29. Ke3 Ng4+ 0-1

[Event "SK Dülmen 1 - SK Bocholt 1"]
[Site "Regionalliga 2016/2017"]
[Date "2016.09.17"]
[Round "1.5"]
[White "Naumann, Felix"]
[Black "Lödding, Detlef"]
[Result "1-0"]
[WhiteElo "1799"]
[BlackElo "1873"]
[PlyCount "73"]
[EventDate "2016.??.??"]
[SourceDate "2016.10.07"]

1. d4 Nf6 2. Nf3 g6 3. Bf4 Bg7 4. e3 d6 5. Nbd2 Nh5 6. Bg5 c5 7. c3 h6 8. Bh4
g5 9. Bg3 g4 10. Nh4 cxd4 11. exd4 Nxg3 12. hxg3 h5 13. Qc2 e6 14. Bd3 Nc6 15.
O-O-O Ne7 16. Rde1 Bd7 17. Kb1 Rc8 18. Nb3 a5 19. Qe2 a4 20. Nd2 Bc6 21. a3 Kf8
22. f3 gxf3 23. Nhxf3 Nd5 24. Ne4 Nf6 25. Nfg5 Bxe4 26. Nxe4 Nxe4 27. Qxe4 Qb6
28. Rc1 d5 29. Qf3 Rh6 30. Rhf1 Rc7 31. Qf4 Rf6 32. Qg5 e5 33. dxe5 Re6 34.
Qd8+ Re8 35. Rxf7+ Kxf7 36. Rf1+ Ke6 37. Qxe8+ 1-0

[Event "SK Dülmen 1 - SK Bocholt 1"]
[Site "Regionalliga 2016/2017"]
[Date "2016.09.17"]
[Round "1.6"]
[White "Eiersbrock, Marko"]
[Black "Hunhoff, Andreas"]
[Result "1-0"]
[WhiteElo "1850"]
[BlackElo "1839"]
[PlyCount "93"]
[EventDate "2016.??.??"]
[SourceDate "2016.10.07"]

1. d4 f5 2. Nf3 Nf6 3. g3 e6 4. Bg2 Be7 5. c4 O-O 6. O-O d6 7. Ng5 h6 8. Bxb7
Bxb7 9. Nxe6 Qd7 10. Nxf8 Bxf8 11. d5 c6 12. Nc3 Kh8 13. Qd4 Qf7 14. Rd1 c5 15.
Qd3 Ng4 16. b3 Nd7 17. f4 Qh5 18. h4 Be7 19. Kg2 Re8 20. Rb1 a6 21. Re1 Bf6 22.
Nd1 Qg6 23. Rh1 Qh5 24. Re1 Bd8 25. e4 Ndf6 26. Nc3 Ba5 27. Bd2 Bxc3 28. Bxc3
Nxe4 29. b4 Ngf2 30. Qf3 Qxf3+ 31. Kxf3 Nd3 32. Re3 cxb4 33. Bxb4 Nxb4 34. Rxb4
Re7 35. Rb2 Rc7 36. g4 g6 37. h5 Bc8 38. hxg6 Rxc4 39. gxf5 Bxf5 40. Ra3 Nc5
41. Rb6 Be4+ 42. Kg4 Bxg6 43. Rxd6 h5+ 44. Kg5 Ne4+ 45. Kxg6 Nxd6 46. Rxa6 Nc8
47. Re6 1-0

[Event "SK Dülmen 1 - SK Bocholt 1"]
[Site "Regionalliga 2016/2017"]
[Date "2016.09.17"]
[Round "1.7"]
[White "Wüstnienhaus, Andreas"]
[Black "Bienhüls, Michael"]
[Result "0-1"]
[WhiteElo "1888"]
[BlackElo "1664"]
[PlyCount "34"]
[EventDate "2016.??.??"]
[SourceDate "2016.10.07"]

1. d4 Nf6 2. Nf3 e6 3. g3 c5 4. Bg2 Nc6 5. O-O cxd4 6. Nxd4 d5 7. Nb3 Bd6 8.
Nc3 O-O 9. e4 Nxe4 10. Nxe4 dxe4 11. Bxe4 e5 12. Be3 Bh3 13. Re1 f5 14. Bd5+
Kh8 15. Qd2 f4 16. Bc5 Bxc5 17. Nxc5 Nd4 0-1